000 00536nam a2200193Ia 4500
005 20250923145611.0
008 008 250917s9999 xx 000 0 eng d
037 _aTextual
040 _aDSWL
_beng
_cDSWL
041 _aeng
_2eng
084 _aY15x2, N83
_qDSWL
245 0 _aSocio-economic status of India's women
_c Ed.by K.M.Manohar
260 _aDelhi
_bSeema Pubs.
_c1983
300 _axii,137 p.
365 _aINR
_b67.50
925 _g67.50
942 _cTEXL
_hY15x2, N83
999 _c1453332
_d1453332